000
00209 a2200097 4500
001
30558
100
_a
Eddy
245
_a
Becoming a Teacher
260
_a
Columbia
_b
College of Teach
_c
090
_c
20488
_d
20488
942
_a
NUST-CAE
_c
M
_c
11656
999
_c
265631
_d
265631